Score 0/10 Timer 04:00
0 Plays Today
Villains % Correct
Joker
97.1%
Penguin
80%
Catwoman
74.3%
Riddler
68.6%
Two Face
65.7%
Bane
57.1%
Mr. Freeze
48.6%
Scarecrow
45.7%
Poison Ivy
37.1%
Killer Croc
25.7%
Come Together.
Have Fun.
All Virtual.
We all need to come together. Play Sporcle's virtual live trivia to have fun, connect with people, and get your trivia on. Join a live hosted trivia game for your favorite pub trivia experience done virtually. If a virtual private party is more your thing, go here for details.

You're not logged in!

Compare scores with friends on all Sporcle quizzes.
OR
Log In

Sporcle TV

Today on Sporcle TV


Watch our educational content, quiz creation guides, and fun videos on Sporcle TV.

Show Comments

Extras

Created Feb 14, 2020ReportNominate
Tags:Movie Characters Quiz

Top Quizzes Today


Score Distribution

Paid Content

Your Account Isn't Verified!

In order to create a playlist on Sporcle, you need to verify the email address you used during registration. Go to your Sporcle Settings to finish the process.

Report this User

Report this user for behavior that violates our Community Guidelines.

Details: